000 00450nam a2200157 i 4500
001 49276
003 ES-MaACL
005 20230906161922.0
007 t|
008 030711s1966 sp ||||1| cat d
100 1 _aCortés, Gabriel.
_940850
245 1 0 _aPintors i poetes davant el paisatge de Mallorca /
_cGabrial Cortés.
260 _aMallorca :
_b[s.n.],
_c1966 (
_fMiramar)
300 _a38 p. ;
_c19 cm.
852 _aES-MaACL
_jC-31338
_bR.61930
999 _c49276
_d49276